Combined vitrectomy & scleral buckle versus vitrectomy with heavy silicone oil tamponade in management of primary rhegmatogenous retinal detachment with inferior proliferative vitreoretinopathy / (رقم التسجيلة. 177892)

تفاصيل مارك
000 -LEADER
fixed length control field 05741namaa22004451i 4500
003 - CONTROL NUMBER IDENTIFIER
control field EG-GICUC
005 - أخر تعامل مع التسجيلة
control field 20260122132628.0
008 - FIXED-LENGTH DATA ELEMENTS--GENERAL INFORMATION
fixed length control field 260120s2025 ua a|||frm||| 000 0 eng d
040 ## - CATALOGING SOURCE
Original cataloguing agency EG-GICUC
Language of cataloging eng
Transcribing agency EG-GICUC
Modifying agency EG-GICUC
Description conventions rda
041 0# - LANGUAGE CODE
Language code of text/sound track or separate title eng
Language code of summary or abstract eng
-- ara
049 ## - Acquisition Source
Acquisition Source Deposit
082 04 - DEWEY DECIMAL CLASSIFICATION NUMBER
Classification number 617.7
092 ## - LOCALLY ASSIGNED DEWEY CALL NUMBER (OCLC)
Classification number 617.7
Edition number 21
097 ## - Degree
Degree Ph.D
099 ## - LOCAL FREE-TEXT CALL NUMBER (OCLC)
Local Call Number Cai01.11.24.Ph.D.2025.Ma.C
100 0# - MAIN ENTRY--PERSONAL NAME
Authority record control number or standard number Mahmoud Ahmed Abdelhafez,
Preparation preparation.
245 10 - TITLE STATEMENT
Title Combined vitrectomy & scleral buckle versus vitrectomy with heavy silicone oil tamponade in management of primary rhegmatogenous retinal detachment with inferior proliferative vitreoretinopathy /
Statement of responsibility, etc. by Mahmoud Ahmed Abdelhafez ; Supervision Prof Dr. Nahla Borhan Abo-Heussin, Prof Dr. Mohamed Amin Zayed, Prof Dr.Mohamed Ahmed Attya.
246 15 - VARYING FORM OF TITLE
Title proper/short title ازالة الجسم الزجاجي مع حزام الصلبة مقابل ازالة الجسم الزجاجي مع زيت السيليكون الثقيل في علاج انفصال الشبكية الاولي المصحوب باعتلال الجسم الزجاجي الشبكي التكاثري السفلي
264 #0 - PRODUCTION, PUBLICATION, DISTRIBUTION, MANUFACTURE, AND COPYRIGHT NOTICE
Date of production, publication, distribution, manufacture, or copyright notice 2025.
300 ## - PHYSICAL DESCRIPTION
Extent 95 pages :
Other physical details illustrations ;
Dimensions 25 cm. +
Accompanying material CD.
336 ## - CONTENT TYPE
Content type term text
Source rda content
337 ## - MEDIA TYPE
Media type term Unmediated
Source rdamedia
338 ## - CARRIER TYPE
Carrier type term volume
Source rdacarrier
502 ## - DISSERTATION NOTE
Dissertation note Thesis (Ph.D)-Cairo University, 2025.
504 ## - BIBLIOGRAPHY, ETC. NOTE
Bibliography, etc. note Bibliography: pages 74-95.
520 #3 - SUMMARY, ETC.
Summary, etc. Eyes showing minimal PVR with break(s) located anteriorly can be managed successfully using pneumatic retinopexy, vitrectomy or scleral buckle, while eyes showing break(s) located posteriorly or significant PVR require vitrectomy with gas or oil tamponade (3). Specific gravities of almost all internal tamponading<br/>factors are usually less than the balanced saline. Hence, gas or oil bubble floats at highest position and presses the retina providing superior retinal tamponade. On the other hand, this is not that effective on the inferior retina in order to be pressed down enough to reach the pigment epithelium layer failing to be a tamponade
520 #3 - SUMMARY, ETC.
Summary, etc. انفصال الشبكية الناجم عن التمزق يشمل سُمك التمزق الشبكي بالكامل مع تراكم الزجاجي السائل تحت الشبكية، مما يؤدي إلى فصلها. التليف الزجاجي الشبكي هو نوع من الاستجابة الشفائية لحدوث تمزق في الشبكية. تبدأ سلسلة التهابية داخل العين نتيجة لانهيار الحاجز الدموي الشبكي، مما يؤدي إلى تكاثر الخلايا وإعادة تشكيل المادة خارج الخلوية. العوامل الالتهابية والتليّفية (مثل عوامل النمو، السيتوكينات والخلايا) تتسرب إلى كل من السائل الشبكي وتجويف الجسم الزجاجي، مسببة تليفًا فوق الشبكية وداخلها وتحته، مما يؤدي إلى اعتلال الجسم الزجاجي الشبكي التكاثري وانفصال شبكي متكرر.<br/>هدف الدراسة:<br/>قارنت الدراسة الحالية بين ازالة الجسم الزجاجي مع حزام الصلبة مقابل ازالة الجسم الزجاجي مع زيت السيليكون الثقيل في علاج انفصال الشبكية الاولي المصحوب باعتلال الجسم الزجاجي الشبكي التكاثري السفلي من حيث النجاح الاولى بعودة الشبكية الي مكانها والنجاح الثانوي بتحسن حدة الابصار.<br/>المرضى والوسائل:<br/>أُجريت دراسة مقارنة عشوائية على ثلاث وثلاثين عينًا لثلاثة وثلاثين مريضًا يعانون من باعتلال الجسم الزجاجي الشبكي التكاثري من الدرجة الثالثة في الجزء السفلي، المصاحب لانفصال الشبكية الأولي. تم علاج ست عشرة عينًا باستئصال الجسم الزجاجي مع زيت السيليكون الثقيل، وتم تصنيفهم كمجموعة الزيت الثقيل؛ وسبع عشرة عينًا خضعت للجراحة المشتركة بين استئصال الجسم الزجاجي مع حزام الصلبة ، وتم تصنيفهم كمجموعة تثبيت الصلبة مع استئصال الزجاجية.<br/>مقومات الدراسه تشمل:<br/>هدفنا كان تحقيق إعادة الالتصاق التشريحي للشبكية في غياب الحشو داخل العين. تم إزالة زيت السيليكون بعد 8 أسابيع في كلا المجموعتين. تم تقييم جميع المرضى من حيث أفضل حدة بصر مصحح وضغط العين في نهاية الأسبوع الأول والشهر الأول والثاني في العيون المملوءة بالزيت؛ وكذلك في نهاية الشهر الأول والثالث بعد إزالة زيت السيلسكون.
530 ## - ADDITIONAL PHYSICAL FORM AVAILABLE NOTE
Issues CD Issues also as CD.
546 ## - LANGUAGE NOTE
Text Language Text in English and abstract in Arabic & English.
650 #0 - SUBJECT ADDED ENTRY--TOPICAL TERM
Topical term or geographic name entry element Ophthalmology
650 #0 - SUBJECT ADDED ENTRY--TOPICAL TERM
Topical term or geographic name entry element طب وجراحة العيون
653 #1 - INDEX TERM--UNCONTROLLED
Uncontrolled term minimal PVR
-- vitrectomy
-- tamponading
700 0# - ADDED ENTRY--PERSONAL NAME
Personal name Nahla Borhan Abo-Heussin
Relator term thesis advisor.
700 0# - ADDED ENTRY--PERSONAL NAME
Personal name Mohamed Amin Zayed
Relator term thesis advisor.
700 0# - ADDED ENTRY--PERSONAL NAME
Personal name Mohamed Ahmed Attya
Relator term thesis advisor.
900 ## - Thesis Information
Grant date 01-01-2025
Supervisory body Nahla Borhan Abo-Heussin
-- Mohamed Amin Zayed
-- Mohamed Ahmed Attya
Universities Cairo University
Faculties Faculty of Medicine
Department Department of Ophthalmology
905 ## - Cataloger and Reviser Names
Cataloger Name Shimaa
Reviser Names Eman Ghareb
942 ## - ADDED ENTRY ELEMENTS (KOHA)
Source of classification or shelving scheme Dewey Decimal Classification
Koha item type Thesis
Edition 21
Suppress in OPAC No
المقتنيات
Source of classification or shelving scheme Home library Current library Date acquired Inventory number Full call number Barcode Date last seen Effective from Koha item type
Dewey Decimal Classification المكتبة المركزبة الجديدة - جامعة القاهرة قاعة الرسائل الجامعية - الدور الاول 20.01.2026 93193 Cai01.11.24.Ph.D.2025.Ma.C 01010110093193000 20.01.2026 20.01.2026 Thesis
Cairo University Libraries Portal Implemented & Customized by: Eng. M. Mohamady Contacts: new-lib@cl.cu.edu.eg | cnul@cl.cu.edu.eg
CUCL logo CNUL logo
© All rights reserved — Cairo University Libraries
CUCL logo
Implemented & Customized by: Eng. M. Mohamady Contact: new-lib@cl.cu.edu.eg © All rights reserved — New Central Library
CNUL logo
Implemented & Customized by: Eng. M. Mohamady Contact: cnul@cl.cu.edu.eg © All rights reserved — Cairo National University Library